000 00250nam a2200097Ia 4500
001 948843
005 20250826215527.0
008 250824s9999 xx 000 0 und d
245 0 _aHADİ MASAL ANLATALIM
_cAYŞEGÜL DEDE
260 _bTAZE KİTAP YAYINLARI
999 _c948843
_d948843